Актуальные вопросы менеджмента в России и США. Преподавание и исследования: Международная конференция, Владивосток, 11-12 февраля 1999 г.: Тезисы докладов и выступлений; Ч. 2

Bibliographic Details
Corporate Author: Актуальные вопросы менеджмента в России и США. Преподавание и исследования международная конференция
Language:Russian
Published: Владивосток, Изд-во ДВГТУ, 1999
Subjects:
Format: Book
KOHA link:https://koha.lib.tpu.ru/cgi-bin/koha/opac-detail.pl?biblionumber=22766

MARC

LEADER 00000nam0a2200000 4500
001 22766
005 20231030194847.0
010 |a 5759601628 
035 |a (RuTPU)RU\TPU\book\22979 
035 |a BOOK00000743 
090 |a 22766 
100 |a 20011209d1999 k y0rusy50 ca 
101 0 |a rus 
102 |a RU 
105 |a y z 100zy 
200 1 |a Актуальные вопросы менеджмента в России и США. Преподавание и исследования  |e Международная конференция, Владивосток, 11-12 февраля 1999 г.: Тезисы докладов и выступлений  |h Ч. 2 
210 |a Владивосток  |c Изд-во ДВГТУ  |d 1999 
215 |a 164 с. 
610 1 |a экономика 
610 1 |a Россия 
610 1 |a США 
610 1 |a конференции 
610 1 |a управление 
610 1 |a менеджмент 
686 |a У821ло  |v LBC/SL-A  |2 rubbk 
686 |a У9(2)212ло  |v LBC/SL-A  |2 rubbk 
712 1 2 |a Актуальные вопросы менеджмента в России и США. Преподавание и исследования  |b международная конференция  |e Владивосток  |f 1999 
801 0 |a RU  |b 63413507  |c 20011209  |g PSBO 
801 2 |a RU  |b 63413507  |c 20080909  |g PSBO 
942 |c BK